[Event "Wloclawek-ch"]
[White "Felski, Krzysztof"]
[Black "Malinowski, Tadeusz"]
[Site "Wloclawek"]
[Round "2"]
[Result "1-0"]
[Date "2013.??.??"]
[WhiteElo "1800"]
[BlackElo "1400"]
[PlyCount "121"]
[EventDate "2013.09.??"]
[EventType "swiss"]
[EventRounds "9"]
[EventCountry "POL"]
[SourceTitle "EXT 2021"]
[Source "ChessBase"]
[SourceDate "2020.10.23"]
[SourceVersion "1"]
[SourceVersionDate "2020.10.23"]
[SourceQuality "1"]

1. d4 d5 2. c4 dxc4 3. e3 e6 4. Bxc4 Nf6 5. Nf3 h6 6. Nc3 Bb4 7. Qc2 Bd7 8. 0-0 0-0 9. a3 Bxc3 10. bxc3 Bc6 11. Be2 Be4 12. Bd3 Bxf3 13. gxf3 Nbd7 14. Kh1 e5 15. Bf5 exd4 16. cxd4 Nb6 17. Be4 c6 18. Rg1 Re8 19. Bb2 Qe7 20. Bd3 Nbd5 21. Bc4 Rad8 22. Bxd5 Nxd5 23. Rg2 Rd6 24. Rag1 g6 25. Qd2 Qf6 26. f4 Qf5 27. Rd1 Kh7 28. Qd3 Qh5 29. Rg3 Nf6 30. f3 Nd5 31. Bc1 Rde6 32. e4 Nb6 33. Rdg1 Qb5 34. Qxb5 cxb5 35. f5 Rf6 36. Bb2 Nc4 37. fxg6+ Rxg6 38. Rxg6 fxg6 39. Bc1 Rf8 40. Kg2 Rf6 41. Rd1 Re6 42. d5 Ra6 43. Rd3 h5 44. h4 Kg7 45. Kg3 Kf6 46. Kf4 Kf7 47. e5 Ke8 48. d6 Nb6 49. Kg5 Ra4 50. f4 Re4 51. Kxg6 a5 52. Kf5 Rc4 53. e6 Rc5+ 54. Kf6 Nd5+ 55. Kg7 b4 56. axb4 axb4 57. f5 b3 58. d7+ Kd8 59. Bg5+ Ne7 60. Bxe7+ Kxe7 61. d8Q# 1-0

[Event "Wloclawek CC Classic 08th"]
[White "Malinowski, Tadeusz"]
[Black "Lapinski, Jerzy"]
[Site "Wloclawek"]
[Round "6"]
[Result "0-1"]
[Date "2013.??.??"]
[WhiteElo "1000"]
[BlackElo "1800"]
[PlyCount "102"]
[EventDate "2013.06.??"]
[EventType "swiss"]
[EventRounds "7"]
[EventCountry "POL"]
[SourceTitle "EXT 2021"]
[Source "ChessBase"]
[SourceDate "2020.10.23"]
[SourceVersion "1"]
[SourceVersionDate "2020.10.23"]
[SourceQuality "1"]

1. d4 Nf6 2. e3 d5 3. c4 Bf5 4. Nc3 e6 5. Nf3 Bd6 6. c5 Be7 7. h3 0-0 8. b4 a6 9. Be2 Nc6 10. a3 b6 11. Bb2 Ne4 12. 0-0 Bh4 13. Nh2 Qg5 14. Bg4 h5 15. Nf3 Bxg4 16. hxg4 Qxg4 17. Nxe4 Qxe4 18. cxb6 cxb6 19. Rc1 Ne7 20. Qc2 Qg4 21. Qc7 b5 22. Qh2 Bf6 23. Rc5 Rfc8 24. Rfc1 Qf5 25. Ne5 g6 26. Nd7 Bg5 27. Qd6 Qe4 28. R1c3 h4 29. Qh2 Qb1+ 30. Bc1 Rxc5 31. bxc5 Nf5 32. Kh1 Nxd4 33. exd4 Bxc1 34. Rxc1 Qxc1+ 35. Qg1 Qf4 36. f3 Kg7 37. Qa1 a5 38. Qc3 b4 39. Qb2 bxa3 40. Qxa3 Qxd4 41. c6 Qb4 42. Qa1+ d4 43. Qc1 Qc3 44. Qf4 d3 45. Ne5 Ra7 46. Ng4 d2 47. Nf2 Qc1+ 48. Kh2 d1Q 49. Qe5+ f6 50. Qxe6 Qf4+ 51. Kh3 Qg3# 0-1

[Event "Wloclawek-ch"]
[White "Malinowski, Tadeusz"]
[Black "Matusiak, Marcin"]
[Site "Wloclawek"]
[Round "4"]
[Result "0-1"]
[Date "2013.??.??"]
[WhiteElo "1400"]
[BlackElo "1654"]
[PlyCount "114"]
[EventDate "2013.09.??"]
[EventType "swiss"]
[EventRounds "9"]
[EventCountry "POL"]
[SourceTitle "EXT 2021"]
[Source "ChessBase"]
[SourceDate "2020.10.23"]
[SourceVersion "1"]
[SourceVersionDate "2020.10.23"]
[SourceQuality "1"]

1. e4 e6 2. d4 d5 3. e5 c5 4. c3 Qb6 5. Qb3 Qxb3 6. axb3 Bd7 7. Be3 cxd4 8. Bxd4 a6 9. Nd2 Nc6 10. Ngf3 Nxd4 11. Nxd4 Rc8 12. b4 Ne7 13. Bd3 Ng6 14. Bxg6 hxg6 15. N2b3 Be7 16. 0-0 f6 17. f4 f5 18. Na5 Rc7 19. Rf3 Kf7 20. Nab3 g5 21. fxg5 Bxg5 22. g3 Be7 23. Raf1 Ba4 24. Kg2 g6 25. Ra1 Bxb3 26. Nxb3 Rhc8 27. Nd4 Rc4 28. h3 Bxb4 29. Nxf5 gxf5 30. cxb4 Rxb4 31. Rb1 Re4 32. Rb3 Rc7 33. h4 Rxe5 34. Kf3 Re4 35. Rg1 Kf6 36. g4 Rh7 37. g5+ Kg6 38. Rh1 b5 39. Rc3 Rhxh4 40. Rxh4 Rxh4 41. Rc6 Re4 42. Rxa6 Kxg5 43. Ra8 Kf6 44. Ra1 Ke5 45. Rd1 d4 46. Rc1 Re3+ 47. Kf2 Ke4 48. Rh1 d3 49. Rh6 e5 50. Rb6 Re2+ 51. Kf1 Rxb2 52. Rd6 Ke3 53. Rd5 e4 54. Rxf5 d2 55. Rd5 Rb1+ 56. Kg2 d1Q 57. Rxd1 Rxd1 0-1